[Event "Deutsche Ländermeisterschaft 2023"]
[Site "Hannover GER"]
[Date "2023.10.02"]
[Round "3"]
[White "Lutz, Ruben"]
[Black "Spriestersbach, Kai"]
[Result "0-1"]
[Termination "normal"]
[Board "1.3"]
[WhiteElo "2218"]
[BlackElo "2158"]
[WhiteClock "00:00:48"]
[BlackClock "00:01:26"]
[WhiteTeam "Sachsen"]
[BlackTeam "Nordrhein-Westfalen"]
[PlyCount "194"]
[WhiteFideId "12975974"]
[BlackFideId "16269985"]
[EventCountry "GER"]
[EventRounds "7"]
[EventType "team-swiss"]
[EventDate "2023.09.30"]

1. d4 {[%clk 01:30:58]} Nf6 {[%clk 01:30:52]} {[%emt 00:00:07]} 2. Nf3 {[%clk
01:31:22]} {[%emt 00:00:08]} g6 {[%clk 01:31:17]} {[%emt 00:00:06]} 3. c4
{[%clk 01:31:46]} {[%emt 00:00:05]} Bg7 {[%clk 01:31:42]} {[%emt 00:00:05]} 4.
g3 {[%clk 01:32:12]} {[%emt 00:00:04]} O-O {[%clk 01:32:06]} {[%emt 00:00:06]}
5. Bg2 {[%clk 01:32:40]} {[%emt 00:00:03]} d6 {[%clk 01:32:25]} {[%emt
00:00:10]} 6. O-O {[%clk 01:33:03]} {[%emt 00:00:07]} Nc6 {[%clk 01:32:49]}
{[%emt 00:00:05]} 7. Nc3 {[%clk 01:33:27]} {[%emt 00:00:06]} a6 {[%clk
01:33:14]} {[%emt 00:00:05]} 8. b3 {[%clk 01:33:40]} {[%emt 00:00:18]} Rb8
{[%clk 01:32:12]} {[%emt 00:01:31]} 9. Nd5 {[%clk 01:33:58]} {[%emt 00:00:12]}
e6 {[%clk 01:29:06]} {[%emt 00:03:36]} 10. Nxf6+ {[%clk 01:34:23]} {[%emt
00:00:05]} Qxf6 {[%clk 01:29:31]} {[%emt 00:00:05]} 11. Bg5 {[%clk 01:34:10]}
{[%emt 00:00:42]} Qf5 {[%clk 01:29:00]} {[%emt 00:01:01]} 12. Qd2 {[%clk
01:34:22]} {[%emt 00:00:18]} Nxd4 {[%clk 01:14:17]} {[%emt 00:15:12]} 13. Nxd4
{[%clk 01:34:47]} {[%emt 00:00:05]} Bxd4 {[%clk 01:14:42]} {[%emt 00:00:05]}
14. Qxd4 {[%clk 01:35:14]} {[%emt 00:00:03]} Qxg5 {[%clk 01:15:06]} {[%emt
00:00:06]} 15. Qa7 {[%clk 01:35:40]} {[%emt 00:00:03]} Bd7 {[%clk 01:13:48]}
{[%emt 00:01:48]} 16. Bxb7 {[%clk 01:35:50]} {[%emt 00:00:20]} a5 {[%clk
01:11:55]} {[%emt 00:02:23]} 17. Bf3 {[%clk 01:13:02]} {[%emt 00:23:18]} Qc5
{[%clk 01:07:37]} {[%emt 00:04:48]} 18. Qxc5 {[%clk 01:13:23]} {[%emt
00:00:10]} dxc5 {[%clk 01:08:06]} {[%emt 00:00:01]} 19. Rfd1 {[%clk 01:13:37]}
{[%emt 00:00:16]} Rfd8 {[%clk 01:07:54]} {[%emt 00:00:42]} 20. Rd3 {[%clk
01:01:46]} {[%emt 00:12:21]} Kf8 {[%clk 01:06:00]} {[%emt 00:02:24]} 21. Kf1
{[%clk 00:58:36]} {[%emt 00:03:40]} Ke7 {[%clk 01:02:25]} {[%emt 00:04:05]} 22.
Ke1 {[%clk 00:55:08]} {[%emt 00:03:58]} Rb6 {[%clk 00:59:21]} {[%emt 00:03:34]}
23. Kd2 {[%clk 00:47:05]} {[%emt 00:08:34]} Rd6 {[%clk 00:54:58]} {[%emt
00:04:52]} 24. Kc3 {[%clk 00:45:37]} {[%emt 00:01:58]} Rb8 {[%clk 00:47:05]}
{[%emt 00:08:23]} 25. g4 {[%clk 00:40:07]} {[%emt 00:06:01]} h6 {[%clk
00:39:29]} {[%emt 00:08:06]} 26. Be4 {[%clk 00:32:47]} {[%emt 00:07:50]} e5
{[%clk 00:36:25]} {[%emt 00:03:34]} 27. Rg1 {[%clk 00:26:45]} {[%emt 00:06:32]}
Rxd3+ {[%clk 00:35:55]} {[%emt 00:01:00]} 28. Kxd3 {[%clk 00:24:41]} {[%emt
00:02:33]} Rd8 {[%clk 00:32:57]} {[%emt 00:03:28]} 29. Kc3 {[%clk 00:23:18]}
{[%emt 00:01:54]} Be6 {[%clk 00:29:31]} {[%emt 00:03:55]} 30. e3 {[%clk
00:16:58]} {[%emt 00:06:50]} Kf6 {[%clk 00:26:51]} {[%emt 00:03:10]} 31. h4
{[%clk 00:15:28]} {[%emt 00:02:00]} Ke7 {[%clk 00:22:53]} {[%emt 00:04:28]} 32.
f3 {[%clk 00:13:08]} {[%emt 00:02:49]} Rg8 {[%clk 00:20:51]} {[%emt 00:02:32]}
33. Rg2 {[%clk 00:12:01]} {[%emt 00:01:37]} Rd8 {[%clk 00:20:52]} {[%emt
00:00:29]} 34. Rg1 {[%clk 00:12:13]} {[%emt 00:00:19]} Rg8 {[%clk 00:21:17]}
{[%emt 00:00:05]} 35. f4 {[%clk 00:03:51]} {[%emt 00:08:52]} exf4 {[%clk
00:13:25]} {[%emt 00:08:22]} 36. exf4 {[%clk 00:04:20]} {[%emt 00:00:01]} Kf6
{[%clk 00:12:59]} {[%emt 00:00:55]} 37. Kd3 {[%clk 00:03:08]} {[%emt 00:01:43]}
Rd8+ {[%clk 00:11:17]} {[%emt 00:02:12]} 38. Ke3 {[%clk 00:03:34]} {[%emt
00:00:04]} Rd4 {[%clk 00:11:41]} {[%emt 00:00:05]} 39. Bf3 {[%clk 00:02:54]}
{[%emt 00:01:11]} Bd7 {[%clk 00:04:22]} {[%emt 00:07:48]} 40. Rg2 {[%clk
00:02:22]} {[%emt 00:01:02]} Be6 {[%clk 00:04:35]} {[%emt 00:00:17]} 41. Rg1
{[%clk 00:19:22]} {[%emt 00:13:31]} Bd7 {[%clk 00:33:24]} {[%emt 00:01:41]} 42.
Bd5 {[%clk 00:16:58]} {[%emt 00:02:54]} Be6 {[%clk 00:32:32]} {[%emt 00:01:22]}
43. Be4 {[%clk 00:17:19]} {[%emt 00:00:09]} g5 {[%clk 00:22:19]} {[%emt
00:10:43]} 44. hxg5+ {[%clk 00:08:02]} {[%emt 00:09:46]} hxg5 {[%clk 00:22:48]}
{[%emt 00:00:01]} 45. f5 {[%clk 00:08:18]} {[%emt 00:00:15]} Bd7 {[%clk
00:21:48]} {[%emt 00:01:29]} 46. Bf3 {[%clk 00:08:44]} {[%emt 00:00:05]} a4
{[%clk 00:20:39]} {[%emt 00:01:39]} 47. Rh1 {[%clk 00:08:20]} {[%emt 00:00:54]}
axb3 {[%clk 00:20:13]} {[%emt 00:00:56]} 48. axb3 {[%clk 00:08:45]} {[%emt
00:00:05]} Rd6 {[%clk 00:16:07]} {[%emt 00:04:35]} 49. Ra1 {[%clk 00:06:43]}
{[%emt 00:02:32]} Bc6 {[%clk 00:11:38]} {[%emt 00:04:59]} 50. Bxc6 {[%clk
00:03:30]} {[%emt 00:03:42]} Rxc6 {[%clk 00:12:07]} {[%emt 00:00:01]} 51. Ra5
{[%clk 00:01:34]} {[%emt 00:02:25]} Rb6 {[%clk 00:09:39]} {[%emt 00:02:58]} 52.
Rxc5 {[%clk 00:01:11]} {[%emt 00:00:54]} Rxb3+ {[%clk 00:10:07]} {[%emt
00:00:02]} 53. Ke4 {[%clk 00:01:08]} {[%emt 00:00:33]} Rg3 {[%clk 00:08:47]}
{[%emt 00:01:50]} 54. Rc6+ {[%clk 00:01:33]} {[%emt 00:00:05]} Kg7 {[%clk
00:09:13]} {[%emt 00:00:04]} 55. Rxc7 {[%clk 00:01:36]} {[%emt 00:00:27]} Rxg4+
{[%clk 00:09:41]} {[%emt 00:00:01]} 56. Ke5 {[%clk 00:01:41]} {[%emt 00:00:25]}
Rg1 {[%clk 00:09:59]} {[%emt 00:00:12]} 57. c5 {[%clk 00:01:23]} {[%emt
00:00:49]} Re1+ {[%clk 00:09:30]} {[%emt 00:00:59]} 58. Kd5 {[%clk 00:01:39]}
{[%emt 00:00:13]} g4 {[%clk 00:08:31]} {[%emt 00:01:30]} 59. Ra7 {[%clk
00:01:55]} {[%emt 00:00:13]} Kf6 {[%clk 00:06:02]} {[%emt 00:02:59]} 60. c6
{[%clk 00:01:53]} {[%emt 00:00:33]} Rc1 {[%clk 00:05:10]} {[%emt 00:01:21]} 61.
Ra4 {[%clk 00:00:37]} {[%emt 00:01:47]} Kxf5 {[%clk 00:04:22]} {[%emt
00:01:18]} 62. Kd6 {[%clk 00:00:39]} {[%emt 00:00:28]} g3 {[%clk 00:03:50]}
{[%emt 00:01:03]} 63. Ra2 {[%clk 00:00:50]} {[%emt 00:00:18]} Kg4 {[%clk
00:03:35]} {[%emt 00:00:45]} 64. c7 {[%clk 00:00:51]} {[%emt 00:00:29]} f5
{[%clk 00:03:49]} {[%emt 00:00:16]} 65. Ra6 {[%clk 00:00:36]} {[%emt 00:00:45]}
g2 {[%clk 00:02:52]} {[%emt 00:01:27]} 66. Ra8 {[%clk 00:00:42]} {[%emt
00:00:24]} Kg3 {[%clk 00:02:16]} {[%emt 00:01:06]} 67. c8=Q {[%clk 00:00:46]}
{[%emt 00:00:25]} Rxc8 {[%clk 00:02:44]} {[%emt 00:00:02]} 68. Rxc8 {[%clk
00:01:09]} {[%emt 00:00:07]} f4 {[%clk 00:01:45]} {[%emt 00:01:30]} 69. Ke5
{[%clk 00:01:18]} {[%emt 00:00:21]} f3 {[%clk 00:01:43]} {[%emt 00:00:32]} 70.
Rg8+ {[%clk 00:00:33]} {[%emt 00:01:15]} Kh2 {[%clk 00:02:05]} {[%emt
00:00:07]} 71. Rf8 {[%clk 00:00:34]} {[%emt 00:00:30]} g1=Q {[%clk 00:02:20]}
{[%emt 00:00:14]} 72. Rxf3 {[%clk 00:00:51]} {[%emt 00:00:13]} Qc5+ {[%clk
00:01:41]} {[%emt 00:01:09]} 73. Ke4 {[%clk 00:01:15]} {[%emt 00:00:07]} Kg2
{[%clk 00:01:55]} {[%emt 00:00:15]} 74. Rf5 {[%clk 00:01:38]} {[%emt 00:00:08]}
Qc4+ {[%clk 00:01:50]} {[%emt 00:00:36]} 75. Ke5 {[%clk 00:00:55]} {[%emt
00:01:13]} Kg3 {[%clk 00:02:08]} {[%emt 00:00:11]} 76. Kf6 {[%clk 00:01:03]}
{[%emt 00:00:22]} Qd4+ {[%clk 00:01:59]} {[%emt 00:00:39]} 77. Ke6 {[%clk
00:01:10]} {[%emt 00:00:24]} Kg4 {[%clk 00:01:57]} {[%emt 00:00:32]} 78. Rd5
{[%clk 00:01:34]} {[%emt 00:00:05]} Qc4 {[%clk 00:01:51]} {[%emt 00:00:35]} 79.
Ke5 {[%clk 00:01:52]} {[%emt 00:00:13]} Qc7+ {[%clk 00:01:28]} {[%emt
00:00:53]} 80. Ke4 {[%clk 00:01:55]} {[%emt 00:00:27]} Qe7+ {[%clk 00:01:15]}
{[%emt 00:00:43]} 81. Kd4 {[%clk 00:01:22]} {[%emt 00:01:04]} Kf4 {[%clk
00:01:30]} {[%emt 00:00:14]} 82. Kc4 {[%clk 00:01:40]} {[%emt 00:00:12]} Qe6
{[%clk 00:01:24]} {[%emt 00:00:36]} 83. Kc5 {[%clk 00:01:50]} {[%emt 00:00:20]}
Ke4 {[%clk 00:01:30]} {[%emt 00:00:22]} 84. Rd4+ {[%clk 00:01:59]} {[%emt
00:00:23]} Ke5 {[%clk 00:01:51]} {[%emt 00:00:08]} 85. Rc4 {[%clk 00:02:15]}
{[%emt 00:00:15]} Qd6+ {[%clk 00:01:59]} {[%emt 00:00:22]} 86. Kb5 {[%clk
00:02:35]} {[%emt 00:00:11]} Kd5 {[%clk 00:02:09]} {[%emt 00:00:19]} 87. Rc1
{[%clk 00:01:48]} {[%emt 00:01:17]} Qb8+ {[%clk 00:01:16]} {[%emt 00:01:23]}
88. Ka6 {[%clk 00:02:06]} {[%emt 00:00:12]} Qb3 {[%clk 00:01:03]} {[%emt
00:00:42]} 89. Rc8 {[%clk 00:01:58]} {[%emt 00:00:39]} Kd6 {[%clk 00:01:08]}
{[%emt 00:00:25]} 90. Ka7 {[%clk 00:01:36]} {[%emt 00:00:51]} Qa4+ {[%clk
00:00:48]} {[%emt 00:00:49]} 91. Kb7 {[%clk 00:01:53]} {[%emt 00:00:14]} Qb5+
{[%clk 00:01:03]} {[%emt 00:00:14]} 92. Ka7 {[%clk 00:02:00]} {[%emt 00:00:24]}
Kd7 {[%clk 00:00:42]} {[%emt 00:00:50]} 93. Rb8 {[%clk 00:01:53]} {[%emt
00:00:38]} Qc5+ {[%clk 00:00:53]} {[%emt 00:00:20]} 94. Ka6 {[%clk 00:02:06]}
{[%emt 00:00:17]} Qc4+ {[%clk 00:01:03]} {[%emt 00:00:20]} 95. Ka7 {[%clk
00:01:37]} {[%emt 00:00:59]} Qd4+ {[%clk 00:01:08]} {[%emt 00:00:23]} 96. Ka6
{[%clk 00:01:25]} {[%emt 00:00:43]} Kc7 {[%clk 00:01:12]} {[%emt 00:00:26]} 97.
Rb5 {[%clk 00:00:48]} {[%emt 00:01:08]} Kc6 {[%clk 00:01:26]} {[%emt 00:00:15]}
0-1

[Event "Deutsche Ländermeisterschaft 2023"]
[Site "Hannover GER"]
[Date "2023.10.02"]
[Round "3"]
[White "Möller, Maurin"]
[Black "Neuhoff, Laertes"]
[Result "1-0"]
[Termination "normal"]
[Board "1.4"]
[WhiteElo "2132"]
[BlackElo "1993"]
[WhiteClock "00:29:45"]
[BlackClock "00:20:11"]
[WhiteTeam "Nordrhein-Westfalen"]
[BlackTeam "Sachsen"]
[PlyCount "93"]
[WhiteFideId "16265696"]
[BlackFideId "16279719"]
[EventCountry "GER"]
[EventRounds "7"]
[EventType "team-swiss"]
[EventDate "2023.09.30"]

1. e4 {[%clk 01:30:57]} {[%emt 00:00:02]} c5 {[%clk 01:30:59]} {[%emt
00:00:01]} 2. Nf3 {[%clk 01:30:38]} {[%emt 00:00:48]} Nc6 {[%clk 01:31:24]}
{[%emt 00:00:06]} 3. Bb5 {[%clk 01:30:37]} {[%emt 00:00:32]} g6 {[%clk
01:31:46]} {[%emt 00:00:08]} 4. O-O {[%clk 01:30:40]} {[%emt 00:00:26]} Bg7
{[%clk 01:32:01]} {[%emt 00:00:15]} 5. c3 {[%clk 01:30:40]} {[%emt 00:00:31]}
Nf6 {[%clk 01:32:24]} {[%emt 00:00:08]} 6. Re1 {[%clk 01:30:40]} {[%emt
00:00:29]} O-O {[%clk 01:32:45]} {[%emt 00:00:08]} 7. d4 {[%clk 01:30:48]}
{[%emt 00:00:23]} d5 {[%clk 01:32:26]} {[%emt 00:00:49]} 8. e5 {[%clk
01:30:58]} {[%emt 00:00:20]} Ne4 {[%clk 01:32:48]} {[%emt 00:00:08]} 9. Be3
{[%clk 01:30:46]} {[%emt 00:00:42]} Qb6 {[%clk 01:30:49]} {[%emt 00:02:29]} 10.
Qe2 {[%clk 01:28:44]} {[%emt 00:02:32]} c4 {[%clk 01:24:07]} {[%emt 00:07:12]}
11. Bxc4 {[%clk 01:23:10]} {[%emt 00:06:04]} dxc4 {[%clk 01:24:07]} {[%emt
00:00:30]} 12. d5 {[%clk 01:23:35]} {[%emt 00:00:05]} Qb5 {[%clk 01:17:22]}
{[%emt 00:07:15]} 13. dxc6 {[%clk 01:23:58]} {[%emt 00:00:07]} Qxc6 {[%clk
01:17:25]} {[%emt 00:00:28]} 14. Na3 {[%clk 01:03:55]} {[%emt 00:20:32]} Bg4
{[%clk 00:52:52]} {[%emt 00:25:03]} 15. Nd4 {[%clk 01:00:52]} {[%emt 00:03:33]}
Bxe2 {[%clk 00:44:01]} {[%emt 00:09:21]} 16. Nxc6 {[%clk 01:01:18]} {[%emt
00:00:05]} bxc6 {[%clk 00:27:52]} {[%emt 00:16:38]} 17. Rxe2 {[%clk 01:01:41]}
{[%emt 00:00:07]} f6 {[%clk 00:27:59]} {[%emt 00:00:24]} 18. f3 {[%clk
00:59:29]} {[%emt 00:02:42]} Ng5 {[%clk 00:28:19]} {[%emt 00:00:10]} 19. Bxg5
{[%clk 00:59:53]} {[%emt 00:00:06]} fxg5 {[%clk 00:28:48]} 20. Re4 {[%clk
00:59:34]} {[%emt 00:00:49]} Rad8 {[%clk 00:28:43]} {[%emt 00:00:34]} 21. Nxc4
{[%clk 00:59:47]} {[%emt 00:00:18]} Rd5 {[%clk 00:28:55]} {[%emt 00:00:19]} 22.
Rae1 {[%clk 00:59:39]} {[%emt 00:00:37]} Rfd8 {[%clk 00:28:05]} {[%emt
00:01:20]} 23. e6 {[%clk 00:56:16]} {[%emt 00:03:53]} Bf6 {[%clk 00:24:41]}
{[%emt 00:03:53]} 24. Kf2 {[%clk 00:55:25]} {[%emt 00:01:21]} h5 {[%clk
00:24:41]} {[%emt 00:00:30]} 25. h3 {[%clk 00:55:12]} {[%emt 00:00:42]} Kg7
{[%clk 00:24:32]} {[%emt 00:00:39]} 26. R1e2 {[%clk 00:51:11]} {[%emt
00:04:31]} Rd1 {[%clk 00:23:55]} {[%emt 00:01:08]} 27. Na5 {[%clk 00:49:55]}
{[%emt 00:01:46]} R8d6 {[%clk 00:23:53]} {[%emt 00:00:32]} 28. Rc4 {[%clk
00:47:12]} {[%emt 00:03:13]} R1d2 {[%clk 00:22:45]} {[%emt 00:01:38]} 29. Rxc6
{[%clk 00:43:31]} {[%emt 00:04:11]} g4 {[%clk 00:21:10]} {[%emt 00:02:05]} 30.
Rxd6 {[%clk 00:41:58]} {[%emt 00:02:03]} Rxd6 {[%clk 00:21:38]} {[%emt
00:00:01]} 31. Nb3 {[%clk 00:36:43]} {[%emt 00:05:45]} Bh4+ {[%clk 00:18:28]}
{[%emt 00:03:40]} 32. g3 {[%clk 00:35:44]} {[%emt 00:01:29]} gxf3 {[%clk
00:18:48]} {[%emt 00:00:10]} 33. Rd2 {[%clk 00:32:04]} {[%emt 00:04:10]} Bg5
{[%clk 00:18:32]} {[%emt 00:00:46]} 34. Rxd6 {[%clk 00:32:16]} {[%emt
00:00:19]} exd6 {[%clk 00:19:01]} {[%emt 00:00:01]} 35. Kxf3 {[%clk 00:31:40]}
{[%emt 00:01:05]} Kf6 {[%clk 00:19:17]} {[%emt 00:00:13]} 36. Ke4 {[%clk
00:31:06]} {[%emt 00:01:05]} Kxe6 {[%clk 00:19:28]} {[%emt 00:00:19]} 37. Nd4+
{[%clk 00:31:32]} {[%emt 00:00:05]} Kd7 {[%clk 00:19:43]} {[%emt 00:00:15]} 38.
Kd5 {[%clk 00:31:46]} {[%emt 00:00:15]} a6 {[%clk 00:19:07]} {[%emt 00:01:06]}
39. c4 {[%clk 00:30:46]} {[%emt 00:01:30]} Bd2 {[%clk 00:19:18]} {[%emt
00:00:18]} 40. b3 {[%clk 00:30:32]} {[%emt 00:00:45]} a5 {[%clk 00:18:50]}
{[%emt 00:00:58]} 41. Ne6 {[%clk 00:29:23]} {[%emt 00:01:38]} Ke7 {[%clk
00:18:05]} {[%emt 00:01:15]} 42. Nf4 {[%clk 00:27:43]} {[%emt 00:02:10]} Bxf4
{[%clk 00:18:27]} {[%emt 00:00:08]} 43. gxf4 {[%clk 00:28:08]} {[%emt
00:00:05]} Kd7 {[%clk 00:18:53]} {[%emt 00:00:04]} 44. a3 {[%clk 00:28:34]}
{[%emt 00:00:04]} Ke7 {[%clk 00:19:16]} {[%emt 00:00:06]} 45. b4 {[%clk
00:28:57]} {[%emt 00:00:07]} axb4 {[%clk 00:19:44]} {[%emt 00:00:02]} 46. axb4
{[%clk 00:29:21]} {[%emt 00:00:07]} Kd7 {[%clk 00:20:11]} {[%emt 00:00:03]} 47.
b5 {[%clk 00:29:45]} {[%emt 00:00:06]} 1-0

[Event "Deutsche Ländermeisterschaft 2023"]
[Site "Hannover GER"]
[Date "2023.10.02"]
[Round "3"]
[White "Herrmann, Arthur"]
[Black "Klaska, Philipp Leon"]
[Result "1/2-1/2"]
[Termination "normal"]
[Board "1.5"]
[WhiteElo "1930"]
[BlackElo "2065"]
[WhiteClock "00:08:16"]
[BlackClock "00:02:31"]
[WhiteTeam "Sachsen"]
[BlackTeam "Nordrhein-Westfalen"]
[PlyCount "112"]
[WhiteFideId "16287150"]
[BlackFideId "16238044"]
[EventCountry "GER"]
[EventRounds "7"]
[EventType "team-swiss"]
[EventDate "2023.09.30"]

1. e4 {[%clk 01:30:57]} {[%emt 00:00:02]} c5 {[%clk 01:30:34]} {[%emt
00:00:26]} 2. Nf3 {[%clk 01:31:18]} {[%emt 00:00:10]} Nc6 {[%clk 01:30:51]}
{[%emt 00:00:12]} 3. d4 {[%clk 01:31:41]} {[%emt 00:00:07]} cxd4 {[%clk
01:31:17]} {[%emt 00:00:04]} 4. Nxd4 {[%clk 01:32:03]} {[%emt 00:00:09]} Nf6
{[%clk 01:31:39]} {[%emt 00:00:07]} 5. Nc3 {[%clk 01:32:18]} {[%emt 00:00:16]}
d6 {[%clk 01:30:58]} {[%emt 00:01:10]} 6. Be2 {[%clk 01:30:23]} {[%emt
00:02:26]} e5 {[%clk 01:29:44]} {[%emt 00:01:43]} 7. Nb3 {[%clk 01:28:30]}
{[%emt 00:02:23]} Be6 {[%clk 01:25:08]} {[%emt 00:05:05]} 8. Bg5 {[%clk
01:23:45]} {[%emt 00:05:17]} h6 {[%clk 01:23:08]} {[%emt 00:02:30]} 9. Bxf6
{[%clk 01:21:23]} {[%emt 00:02:52]} Qxf6 {[%clk 01:07:05]} {[%emt 00:16:32]}
10. Nd5 {[%clk 01:13:36]} {[%emt 00:08:18]} Qd8 {[%clk 01:05:56]} {[%emt
00:01:38]} 11. Qd2 {[%clk 01:05:49]} {[%emt 00:08:18]} Be7 {[%clk 00:59:20]}
{[%emt 00:07:06]} 12. Rd1 {[%clk 01:00:30]} {[%emt 00:05:49]} Bg5 {[%clk
00:55:44]} {[%emt 00:04:05]} 13. Ne3 {[%clk 00:49:33]} {[%emt 00:11:27]} Qb6
{[%clk 00:45:06]} {[%emt 00:11:07]} 14. Qxd6 {[%clk 00:36:35]} {[%emt
00:13:30]} Bxe3 {[%clk 00:44:39]} {[%emt 00:00:56]} 15. fxe3 {[%clk 00:36:41]}
{[%emt 00:00:24]} Qxe3 {[%clk 00:27:38]} {[%emt 00:17:30]} 16. Rd3 {[%clk
00:26:50]} {[%emt 00:10:21]} Qxe4 {[%clk 00:17:34]} {[%emt 00:10:35]} 17. Nc5
{[%clk 00:24:47]} {[%emt 00:02:33]} Qh4+ {[%clk 00:17:11]} {[%emt 00:00:52]}
18. g3 {[%clk 00:24:36]} {[%emt 00:00:42]} Qe7 {[%clk 00:15:42]} {[%emt
00:01:59]} 19. Nxe6 {[%clk 00:20:55]} {[%emt 00:04:12]} Qxe6 {[%clk 00:16:01]}
{[%emt 00:00:11]} 20. Qxe6+ {[%clk 00:21:12]} {[%emt 00:00:14]} fxe6 {[%clk
00:16:22]} {[%emt 00:00:09]} 21. Bh5+ {[%clk 00:20:28]} {[%emt 00:01:13]} Ke7
{[%clk 00:16:33]} {[%emt 00:00:17]} 22. O-O {[%clk 00:20:21]} {[%emt 00:00:39]}
Rhf8 {[%clk 00:16:07]} {[%emt 00:00:54]} 23. Rdf3 {[%clk 00:19:23]} {[%emt
00:01:30]} Rf6 {[%clk 00:13:18]} {[%emt 00:03:18]} 24. Rb3 {[%clk 00:15:45]}
{[%emt 00:04:08]} Rxf1+ {[%clk 00:11:16]} {[%emt 00:02:32]} 25. Kxf1 {[%clk
00:16:09]} {[%emt 00:00:07]} Rb8 {[%clk 00:11:25]} {[%emt 00:00:20]} 26. Rf3
{[%clk 00:15:32]} {[%emt 00:01:06]} Rf8 {[%clk 00:10:34]} {[%emt 00:01:21]} 27.
Rxf8 {[%clk 00:15:12]} {[%emt 00:00:52]} Kxf8 {[%clk 00:10:59]} {[%emt
00:00:04]} 28. c3 {[%clk 00:14:03]} {[%emt 00:01:38]} b6 {[%clk 00:10:25]}
{[%emt 00:01:03]} 29. Ke2 {[%clk 00:13:39]} {[%emt 00:00:55]} Ke7 {[%clk
00:10:44]} {[%emt 00:00:10]} 30. Ke3 {[%clk 00:13:06]} {[%emt 00:01:04]} Kd6
{[%clk 00:10:44]} {[%emt 00:00:29]} 31. Be2 {[%clk 00:12:51]} {[%emt 00:00:45]}
Ne7 {[%clk 00:10:35]} {[%emt 00:00:38]} 32. Bf3 {[%clk 00:10:35]} {[%emt
00:02:47]} Nd5+ {[%clk 00:09:40]} {[%emt 00:01:25]} 33. Kd3 {[%clk 00:10:38]}
{[%emt 00:00:28]} Nf6 {[%clk 00:06:41]} {[%emt 00:03:29]} 34. Ke3 {[%clk
00:09:26]} {[%emt 00:01:41]} e4 {[%clk 00:02:33]} {[%emt 00:04:39]} 35. Be2
{[%clk 00:05:31]} {[%emt 00:04:25]} Ke5 {[%clk 00:02:41]} {[%emt 00:00:20]} 36.
c4 {[%clk 00:03:58]} {[%emt 00:02:04]} Ne8 {[%clk 00:02:21]} {[%emt 00:00:47]}
37. Bf1 {[%clk 00:02:44]} {[%emt 00:01:46]} Nd6 {[%clk 00:01:30]} {[%emt
00:01:22]} 38. g4 {[%clk 00:01:11]} {[%emt 00:02:03]} a5 {[%clk 00:01:20]}
{[%emt 00:00:41]} 39. b3 {[%clk 00:01:24]} {[%emt 00:00:18]} h5 {[%clk
00:01:17]} {[%emt 00:00:33]} 40. h3 {[%clk 00:01:03]} {[%emt 00:00:51]} g6
{[%clk 00:01:32]} {[%emt 00:00:14]} 41. Bg2 {[%clk 00:30:04]} {[%emt 00:01:28]}
a4 {[%clk 00:26:31]} {[%emt 00:05:32]} 42. Bh1 {[%clk 00:28:39]} {[%emt
00:01:55]} axb3 {[%clk 00:23:03]} {[%emt 00:03:58]} 43. axb3 {[%clk 00:28:55]}
{[%emt 00:00:16]} hxg4 {[%clk 00:22:34]} {[%emt 00:00:58]} 44. hxg4 {[%clk
00:29:19]} {[%emt 00:00:06]} g5 {[%clk 00:22:52]} {[%emt 00:00:12]} 45. Bg2
{[%clk 00:28:38]} {[%emt 00:01:11]} Nf5+ {[%clk 00:18:12]} {[%emt 00:05:10]}
46. gxf5 {[%clk 00:27:04]} {[%emt 00:02:04]} exf5 {[%clk 00:18:19]} {[%emt
00:00:23]} 47. b4 {[%clk 00:23:30]} {[%emt 00:04:04]} f4+ {[%clk 00:17:41]}
{[%emt 00:01:09]} 48. Kf2 {[%clk 00:19:10]} {[%emt 00:04:50]} g4 {[%clk
00:16:16]} {[%emt 00:01:56]} 49. c5 {[%clk 00:16:13]} {[%emt 00:03:26]} bxc5
{[%clk 00:16:17]} {[%emt 00:00:28]} 50. bxc5 {[%clk 00:16:31]} {[%emt
00:00:12]} f3 {[%clk 00:15:13]} {[%emt 00:01:34]} 51. Bf1 {[%clk 00:09:00]}
{[%emt 00:08:02]} Kf4 {[%clk 00:02:48]} {[%emt 00:12:54]} 52. c6 {[%clk
00:09:18]} {[%emt 00:00:13]} g3+ {[%clk 00:03:11]} {[%emt 00:00:08]} 53. Kg1
{[%clk 00:08:36]} {[%emt 00:01:11]} e3 {[%clk 00:03:20]} {[%emt 00:00:20]} 54.
c7 {[%clk 00:08:13]} {[%emt 00:00:54]} e2 {[%clk 00:03:23]} {[%emt 00:00:28]}
55. c8=Q {[%clk 00:07:56]} {[%emt 00:00:46]} e1=Q {[%clk 00:03:40]} {[%emt
00:00:14]} 56. Qf8+ {[%clk 00:08:16]} {[%emt 00:00:09]} Ke3 {[%clk 00:02:31]}
{[%emt 00:01:39]} 1/2-1/2